Catálogo público

Concentración de ázucares totales de higo (Ficus carica L. var. Black Mission) durante el secado y su relación con la huemdad / (Record no. 173559)

MARC details
000 -CABECERA
campo de control de longitud fija 04915nam a2200469Ia 4500
001 - NÚMERO DE CONTROL
campo de control dia_3053
003 - IDENTIFICADOR DEL NÚMERO DE CONTROL
campo de control CHAP
005 - FECHA Y HORA DE LA ÚLTIMA TRANSACCIÓN
campo de control 20240822183039.0
007 - CAMPO FIJO DE DESCRIPCIÓN FÍSICA--INFORMACIÓN GENERAL
campo de control de longitud fija ta
008 - DATOS DE LONGITUD FIJA--INFORMACIÓN GENERAL
campo de control de longitud fija 220117s2015 mx do frm 001 0 spa d
010 ## - NÚMERO DE CONTROL DE LA BIBLIOTECA DEL CONGRESO
Número de control de LC 173559
040 ## - FUENTE DE LA CATALOGACIÓN
Centro/agencia transcriptor CHAP
Centro catalogador/agencia de origen mxchpua
Normas de descripción rda
041 0# - CÓDIGO DE LENGUA
Código de lengua del texto/banda sonora o título independiente spa
Código de lengua del sumario o resumen eng
090 ## - LOCALMENTE ASIGNADO TIPO-LC NÚMERO DE CLASIFICACIÓN (OCLC); NÚMERO DE CLASIFICACIÓN LOCAL (RLIN)
Número de clasificación (OCLC) (R) ; Numero de clasificación, CALL (RLIN) (NR) Tesis
Número cutter local (OCLC) ; Número de libro/Signatura topográfica íntegra, CALL (RLIN) V353
año 2015
100 1# - ENTRADA PRINCIPAL--NOMBRE DE PERSONA
Nombre de persona Valdés López, Sayra
240 10 - TÍTULO UNIFORME
Título uniforme Total sugar concentration of fig (Ficus carica L. var. Black Mission) during drying and its relationship with the moisture content.
Lenguaje de la obra Español
245 10 - MENCIÓN DE TÍTULO
Título Concentración de ázucares totales de higo (Ficus carica L. var. Black Mission) durante el secado y su relación con la huemdad /
Mención de responsabilidad, etc. Sayra Valdés López
264 ## - PRODUCCIÓN, PUBLICACIÓN, DISTRIBUCIÓN, FABRICACIÓN Y COPYRIGHT
Producción, publicación, distribución, fabricación y copyright Chapingo, México :
Nombre del de productor, editor, distribuidor, fabricante El autor,
Fecha de producción, publicación, distribución, fabricación o copyright 2015
300 ## - DESCRIPCIÓN FÍSICA
Extensión xii, 61 hojas :
Otras características físicas gráficas, tablas, fotos +
Material acompañante/anejo 1 CD-ROM
336 ## - TIPO DE CONTENIDO
Fuente rdacontent
Término de tipo de contenido texto
Código de tipo de contenido txt
337 ## - TIPO DE MEDIO
Fuente rdamedia
Nombre/término del tipo de medio no mediado
Código del tipo de medio n
338 ## - TIPO DE SOPORTE
Fuente rdacarrier
Nombre/término del tipo de soporte volumen
Código del tipo de soporte nc
500 ## - NOTA GENERAL
Nota general El CD contiene reporte
502 ## - NOTA DE TESIS
Nota de tesis Tesis
Tipo de título (Ingeniero Agroindustrial) --
Nombre de la institución que otorga el título UACh. Departamento de Ingeniería Agroindustrial,
Año de obtención del título 2015
504 ## - NOTA DE BIBLIOGRAFÍA, ETC.
Nota de bibliografía, etc. Bibliografía: hojas 58-61
520 3# - SUMARIO, ETC.
Sumario, etc. El higo es rico en azúcares, minerales y fibra, pero el fruto fresco no se mantiene por mucho tiempo, por lo que se recurre al deshidratado, por otro lado, es necesario determinar la humedad del fruto deshidratado, ya que es clave para su almacenamiento y reducción del riesgo por contaminación de hongos. Existen diferentes técnicas de determinación de humedad, pero en la actualidad se requiere de un método rápido y económico. El presente trabajo tuvo como propósito establecer la relación entre el porcentaje de humedad y sólidos solubles totales (°Bx) durante el deshidratado de higo, con la finalidad de encontrar un método que pueda ser considerado e implementado por pequeños productores para determinar la humedad de forma indirecta. Se deshidrataron higos (Ficus carica L. var. Black Mission) de dos diferentes tamaños seccionados a la mitad con aire caliente a 60 °C, y se tomaron muestras a las 0, 8, 12, 24 y 32 horas de secado, con las cuales se realizaron determinaciones de porcentaje de humedad, grados brix, actividad de agua y azúcares reductores. Se compararon dos métodos de determinación de humedad: el método termogravimétrico y actividad de agua con un analizador AQUALAB y su relación con °Bx y los azúcares. Existe una relación lineal entre el porcentaje de humedad y solidos solubles totales durante el proceso de secado, por lo que la evaluación de °Bx puede ser un indicativo indirecto de la humedad final del higo deshidratado. Los azúcares reductores son los principales partícipes en el valor de los sólidos solubles totales. --
520 3# - SUMARIO, ETC.
Sumario, etc. The fig is rich in sugars, minerals and fiber, but the fresh fruit cannot be preserved for long time. The fig dehydration is used as a preservation method. However, it is necessary to evaluate the moisture content of the dehydrated fruit during the drying process. The fig moisture content is key for a long storage and a reduction of the risk of fungal contamination. There are different techniques to determination of moisture content, but for fig drying it is requiered a faster and economical method. The aim of this study was to establish the relationship between the percentage of moisture content and the total soluble solids (°Bx) in the dried fig, in order to find a method that can be considered and used by small farmers to asses moisture content indirectly. Two different fig size (Ficus carica L. var. Black Mission) were used. Figs were cut by half and dehydrated using an oven with circulation of hot air at 60 ° C. The fig samples were taken at 0, 8, 12, 24 and 32 hours of drying process. The variables measured were: moisture content, degrees brix, water activity and reducing sugars. Two methods of moisture content evaluation were compared: thermogravimetric and water activity with an analyzer AQUALAB and its relationship with degrees brix and sugars. There was foud a linear relationship between the percentage of moisture content and the degrees brix during the drying process. As a consequence the °Bx can be used as a indirect indication of the moisture content of dried fig. Reducing sugars are the main constituents of total soluble solids.
650 13 - PUNTO DE ACCESO ADICIONAL DE MATERIA--TÉRMINO DE MATERIA
Término de materia o nombre geográfico como elemento de entrada Higos
Subdivisión general Análisis
Fuente del encabezamiento o término atg
650 13 - PUNTO DE ACCESO ADICIONAL DE MATERIA--TÉRMINO DE MATERIA
Término de materia o nombre geográfico como elemento de entrada Higos
Subdivisión general Secado
Fuente del encabezamiento o término atg
650 13 - PUNTO DE ACCESO ADICIONAL DE MATERIA--TÉRMINO DE MATERIA
Término de materia o nombre geográfico como elemento de entrada Figs
Subdivisión general Analysis
Fuente del encabezamiento o término atg
650 13 - PUNTO DE ACCESO ADICIONAL DE MATERIA--TÉRMINO DE MATERIA
Término de materia o nombre geográfico como elemento de entrada Figs
Subdivisión general Drying
Fuente del encabezamiento o término atg
700 1# - PUNTO DE ACCESO ADICIONAL--NOMBRE DE PERSONA
Nombre de persona García Nava, José Rodolfo
Término indicativo de función/relación director
700 1# - PUNTO DE ACCESO ADICIONAL--NOMBRE DE PERSONA
Nombre de persona Esparza Torres, Félix
Término indicativo de función/relación asesor
700 1# - PUNTO DE ACCESO ADICIONAL--NOMBRE DE PERSONA
Nombre de persona Ybarra Moncada, Ma. Carmen
Término indicativo de función/relación asesora
856 41 - LOCALIZACIÓN Y ACCESO ELECTRÓNICOS
Identificador Uniforme del Recurso <a href="http://10.13.5.2/tesis/sist112086.pdf">http://10.13.5.2/tesis/sist112086.pdf</a>
Texto de enlace DESCARGAR PDF
901 ## - ELEMENTOS DE DATOS A LOCAL LDA (RLIN)
a TESIS V353 2015
942 ## - ELEMENTOS DE PUNTO DE ACCESO ADICIONAL (KOHA)
Tipo de ítem Koha TESIS
Fuente del sistema de clasificación o colocación Clasificación Universidad Autónoma Chapingo
902 ## - ELEMENTOS DE DATOS B LOCAL, LDB (RLIN)
a M
905 ## - ELEMENTOS DE DATOS E LOCAL, LDE (RLIN)
a 5232272015 mx ndl 8223123322spa16
Holdings
Estado de retiro Estado de pérdida Fuente del sistema de clasificación o colocación Estado dañado Restricciones de uso No para préstamo Código de colección Localización permanente Ubicación/localización actual Fecha de adquisición Fuente de adquisición Total de préstamos Signatura topográfica completa Código de barras Fecha visto por última vez Fecha del último préstamo Número de copia Precio válido a partir de Tipo de ítem Koha Ubicación en estantería
    Clasificación Universidad Autónoma de Chapingo   Préstamo 5 días   Tesis Ingenieria Agroindustrial Ingenieria Agroindustrial 18/01/2022 El autor 1 Tesis V353 2015 1101010019 04/09/2024 04/09/2024 Ej. 3 18/01/2022 CD  
    Clasificación Universidad Autónoma de Chapingo   Préstamo interno   Tesis Ingenieria Agroindustrial Ingenieria Agroindustrial 18/01/2022 El autor   Tesis V353 2015 1101010017 02/02/2026   Ej. 1 18/01/2022 Tesis  
    Clasificación Universidad Autónoma de Chapingo   Préstamo interno   Tesis Ingenieria Agroindustrial Ingenieria Agroindustrial 18/01/2022 El autor   Tesis V353 2015 1101010018 18/01/2022   Ej. 2 18/01/2022 CD  
    Clasificación Universidad Autónoma de Chapingo       Tesis digitales de Licenciatura Ingenieria Agroindustrial Ingenieria Agroindustrial 22/08/2024 El autor     1201010017 22/08/2024     22/08/2024 Tesis digital En línea